Estatísticas para Países que começam com G

Clique aqui para jogar o quiz

Estatísticas Gerais

  • Esse quiz foi jogado 51 vezes
  • A pontuação média é 10 de 11

Estatísticas das Respostas

Resposta% Correto
Grécia
98%
Guatemala
98%
Gana
96%
Guiana
93%
Guiné
91%
Geórgia
89%
Guiné-Bissau
89%
Gabão
83%
Guiné Equatorial
83%
Gâmbia
76%
Granada
76%

Distribuição das Pontuações

Percentil de Números Respondidos

Porcentagem de Pessoas com Cada Pontuação

Sua Pontuação Histórica

Você não jogou esse quiz